Rozpoznaj reprezentantów Francji z 90+ meczami - 2026.01. - Statystyki

Ogólne statystyki
  • Ten quiz został rozwiązany 32 razy
  • Średni wynik to 12 z 16
Statystyki odpowiedzi
Obrazkowy Hint Odpowiedź % Poprawnych
97 Karim Benzema
97%
94 Kylian Mbappé
97%
137 Antoine Griezmann
93%
91 meczów Paul Pogba
93%
93 Raphaël Varane
93%
108 Zinédine Zidane
93%
145 Hugo Lloris
90%
137 Olivier Giroud
90%
123 Thierry Henry
90%
107 Patrick Vieira
73%
103 Didier Deschamps
67%
142 Lilian Thuram
53%
97 Laurent Blanc
50%
97 Bixente Lizarazu
47%
116 Marcel Desailly
47%
92 Sylvain Wiltord
30%
Nie znaleziono quizów pasujących do podanych kryteriów
Rozkład punktacji
Procent ludzi z każdym wynikiem
Percentyl według liczby udzielonych odpowiedzi
Twoja historia wyników
Nie rozwiązałeś tego quizu